| 000 | 01073nam a2200241 a 4500 | ||
|---|---|---|---|
| 001 | 000036385 | ||
| 005 | 20200930075713.0 | ||
| 008 | 120116s1984 sp 000 0 spa d | ||
| 020 | _a8400058895 | ||
| 020 | _a8400058887 (v. 1) | ||
| 040 |
_aDO-SdBNP _bspa _cBNPHU |
||
| 100 | 1 |
_aZurita, Jerónimo, _962582 |
|
| 245 | 0 | 0 |
_aIndices de las gestas de los reyes de aragón : _bdesde comienzos del reinado al año 1410 / _ccompuestos por Jerónimo Zurita ; edición preparada por Angel Canellas López. |
| 260 |
_aZaragoza : _bInstitución "Fernando el Católico", _c1984. |
||
| 300 |
_a2 v. : _bil. ; _c24 cm. |
||
| 490 | 1 | _aPublicación núm. 1,000 de la Institución "Fernando el Católico" | |
| 500 | _aLa biblioteca posee 1 y 2 | ||
| 505 | 2 |
_gv.1 _tGesta de los reyes de Aragón _gv. 2 _tGesta de los reyes de Aragón |
|
| 700 | 1 |
_aCanellas López, Angel _917608 |
|
| 710 | 2 |
_aInstitución Fernando el Católico _918578 |
|
| 740 | 1 |
_aGestas de los reyes de Aragón _cGerónimo Zurita |
|
| 830 | 0 |
_aPublicación núm. 1,000 de la Institución "Fernando el Católico" _962583 |
|
| 999 |
_c35876 _d35876 |
||